|
|
|
|
| LEADER |
00000nam0a2200000 4500 |
| 001 |
200333 |
| 005 |
20231101224940.0 |
| 035 |
|
|
|a (RuTPU)RU\TPU\book\218401
|
| 035 |
|
|
|a RU\TPU\tpu\3565
|
| 090 |
|
|
|a 200333
|
| 100 |
|
|
|a 20110905d1905 m y0rusy50 ca
|
| 101 |
0 |
|
|a rus
|
| 102 |
|
|
|a RU
|
| 105 |
|
|
|a af j 001zy
|
| 200 |
1 |
|
|a Курс дорог
|e лекции, читанные в 1904 г.
|f Ф. К. Ясевич
|g Томский технологический институт Императора Николая II
|h Ч. 1 : Грунтовые и шоссейные дороги, мостовые и подъездные пути
|
| 210 |
|
|
|a Томск
|c Паровая типо-лит. П. И. Макушина
|d 1905
|
| 215 |
|
|
|a 409 с.
|c черт.
|
| 300 |
|
|
|a Литограф. изд.
|
| 300 |
|
|
|a Издание Томского Технологического Института
|
| 316 |
|
|
|5 63413507: 48//52
|a Множественные пометы в тексте
|
| 320 |
|
|
|a Библиогр.: с. 409
|
| 606 |
1 |
|
|a Дороги
|2 stltpush
|3 (RuTPU)RU\TPU\subj\10014
|9 37155
|
| 610 |
1 |
|
|a строительное дело
|
| 610 |
1 |
|
|a труды учёных ТПУ
|
| 610 |
1 |
|
|a учебные пособия
|
| 610 |
1 |
|
|a Коллекция ТПУ
|
| 675 |
|
|
|a 625.11(075.8)
|v 3
|
| 700 |
|
1 |
|a Ясевич
|b Ф. К.
|c преподаватель ТТИ (1904-1908)
|f 1869-?
|g Федор Карлович
|2 stltpush
|3 (RuTPU)RU\TPU\pers\23346
|9 10126
|
| 712 |
0 |
2 |
|a Томский технологический институт (ТТИ)
|c (1896-1923)
|2 stltpush
|3 (RuTPU)RU\TPU\col\9244
|
| 801 |
|
0 |
|a RU
|b 63413507
|c 20011210
|g PSBO
|
| 801 |
|
2 |
|a RU
|b 63413507
|c 20220216
|g PSBO
|
| 942 |
|
|
|c BK
|